<?xml version="1.0" encoding="UTF-8"?>
<record
    xmlns:xsi="http://www.w3.org/2001/XMLSchema-instance"
    xsi:schemaLocation="http://www.loc.gov/MARC21/slim http://www.loc.gov/standards/marcxml/schema/MARC21slim.xsd"
    xmlns="http://www.loc.gov/MARC21/slim">

  <leader>01422aab a2200361 a 4500</leader>
  <controlfield tag="003">AR-RoUNA</controlfield>
  <controlfield tag="008">140529|||||||||||||||||     |||| 0|||| d</controlfield>
  <datafield tag="040" ind1=" " ind2=" ">
    <subfield code="a">AR-RoUNA</subfield>
    <subfield code="b">spa</subfield>
  </datafield>
  <datafield tag="041" ind1=" " ind2=" ">
    <subfield code="a">spa</subfield>
    <subfield code="a">eng</subfield>
  </datafield>
  <datafield tag="044" ind1=" " ind2=" ">
    <subfield code="a">ag</subfield>
  </datafield>
  <datafield tag="080" ind1=" " ind2=" ">
    <subfield code="a">72.036</subfield>
  </datafield>
  <datafield tag="092" ind1=" " ind2=" ">
    <subfield code="l">ON58</subfield>
  </datafield>
  <datafield tag="245" ind1="1" ind2="3">
    <subfield code="a">On Dise&#xF1;o /</subfield>
    <subfield code="n">N&#xBA; 135</subfield>
  </datafield>
  <datafield tag="260" ind1=" " ind2=" ">
    <subfield code="a">Barcelona :</subfield>
    <subfield code="b">On Dise&#xF1;o,</subfield>
    <subfield code="c">1996</subfield>
  </datafield>
  <datafield tag="300" ind1=" " ind2=" ">
    <subfield code="a">249 p. :</subfield>
    <subfield code="b">dib.</subfield>
    <subfield code="b">fot. col.</subfield>
    <subfield code="b">plantas</subfield>
    <subfield code="c">29x24 cm</subfield>
  </datafield>
  <datafield tag="505" ind1="0" ind2=" ">
    <subfield code="t">COMUNICACI&#xD3;N GR&#xC1;FICA</subfield>
  </datafield>
  <datafield tag="505" ind1="0" ind2=" ">
    <subfield code="a">Programa de identidad institucional del Quinto Centenario del Descubrimiento Cruz Novillo &amp; Asociados. p. 104</subfield>
  </datafield>
  <datafield tag="505" ind1="0" ind2=" ">
    <subfield code="t">PREMIOS FAD DE ARQUITECTURA E INTERIORISMO (Y 2)</subfield>
  </datafield>
  <datafield tag="505" ind1="0" ind2=" ">
    <subfield code="a">Miralles Enric y Pin&#xF3;s Carme/ Parque cementerio de Igualdada.p. 110</subfield>
  </datafield>
  <datafield tag="505" ind1="0" ind2=" ">
    <subfield code="a">F. Rius, J M. Gil. M Brullet y E. Bonell/ Centro penitenciario de Brians. p.122</subfield>
  </datafield>
  <datafield tag="505" ind1="0" ind2=" ">
    <subfield code="a">Pujol Ramon y Garcia Julia / Colecci&#xF3;n Barbie de Alta costura. p 134</subfield>
  </datafield>
  <datafield tag="505" ind1="0" ind2=" ">
    <subfield code="a">Rius Francesc/ Mateos Josep Lluis con Vicente Guallart / Vivienda unifamiliar en Bolvir. (Cerdanya). p. 138</subfield>
  </datafield>
  <datafield tag="650" ind1=" " ind2=" ">
    <subfield code="a">Arquitectura contemporanea</subfield>
    <subfield code="9">12621</subfield>
  </datafield>
  <datafield tag="653" ind1=" " ind2=" ">
    <subfield code="a">Exposiciones</subfield>
  </datafield>
  <datafield tag="653" ind1=" " ind2=" ">
    <subfield code="a">Premios</subfield>
  </datafield>
  <datafield tag="700" ind1="1" ind2=" ">
    <subfield code="a">Llopis, Carme</subfield>
    <subfield code="e">drt</subfield>
    <subfield code="9">12622</subfield>
  </datafield>
  <datafield tag="773" ind1=" " ind2=" ">
    <subfield code="a">On Dise&#xF1;o</subfield>
    <subfield code="d">Barcelona, AramEdiciones S.A, 1996</subfield>
    <subfield code="g">N&#xBA;135 ( 1998). p.250</subfield>
    <subfield code="x">0210-2080</subfield>
  </datafield>
  <datafield tag="908" ind1=" " ind2=" ">
    <subfield code="a">Imp</subfield>
  </datafield>
  <datafield tag="930" ind1=" " ind2=" ">
    <subfield code="c">170</subfield>
    <subfield code="e">6916</subfield>
  </datafield>
  <datafield tag="942" ind1=" " ind2=" ">
    <subfield code="2">udc</subfield>
    <subfield code="c">ART</subfield>
  </datafield>
  <datafield tag="945" ind1=" " ind2=" ">
    <subfield code="a">MBP</subfield>
    <subfield code="d">2019-02-20</subfield>
  </datafield>
  <datafield tag="980" ind1=" " ind2=" ">
    <subfield code="8">6</subfield>
    <subfield code="g">Mirna Bonanno Potro</subfield>
    <subfield code="6">6</subfield>
    <subfield code="a">Mirna Bonanno Potro</subfield>
  </datafield>
  <datafield tag="999" ind1=" " ind2=" ">
    <subfield code="c">12134</subfield>
    <subfield code="d">12134</subfield>
  </datafield>
</record>
